000 00183 a2200097 4500
020 _a9780794530808
041 _aeng
100 _aPunter, Rusell
245 _aCaptain mac
942 _cBK
999 _c31655
_d31653